| 000 | 00577nam a22001697a 4500 | ||
|---|---|---|---|
| 003 | BUBTL | ||
| 008 | 191112b xxu||||| |||| 00| 0 eng d | ||
| 082 | _a347 / GOC | ||
| 100 |
_92455 _aGovernment of The People's Republic of Bangladesh |
||
| 245 |
_aThe Code of Civil Procedure / _cGovernment of The People's Republic of Bangladesh |
||
| 260 |
_aDhaka : _bMinistry of Law, Justice And Parliamentary Affairs, _cc2007 |
||
| 300 |
_a433 p . : _c23.5 cm. |
||
| 650 | 0 |
_926 _aLaw |
|
| 856 |
_k0 _l0 _yDownload |
||
| 942 |
_2ddc _cBK |
||
| 999 |
_c6151 _d6151 |
||